Catalog

Record Details

Catalog Search



In- Vitro-Befruchtung : Technische Möglichkeiten und ethische Perspektiven / Herausgeber: Hans-Balz Peter, leitung Roland Campiche, Helmut Kaiser. Cover Image Book Book

In- Vitro-Befruchtung : Technische Möglichkeiten und ethische Perspektiven / Herausgeber: Hans-Balz Peter, leitung Roland Campiche, Helmut Kaiser.

Peter, Hans-Balz (Author). : : (Author). Campiche, Roland (Added Author). Kaiser, Helmut (Added Author).

Record details

  • ISBN: 3-7229-0032-8
  • Physical Description: 113 s.
  • Edition: 1. Auflage.
  • Publisher: Bern und Lausane : Institut für Socialethik des SEK , 1987.

Available copies

  • 1 of 1 copy available at Common Catalog SPOK.

Holds

  • 0 current holds with 1 total copy.
Show All Copies
Location Call Number / Copy Notes Barcode Shelving Location Status Due Date
ETS Library 241.642 424470014999 Volný výběr Available -

LDR 00895nam a2200289 i 4500
00136511
003CZ-PrJAB
00520161105121951.0
007ta
008 s1987 xr e 000 0 cze
020 . ‡a3-7229-0032-8
035 . ‡a(CONS)12345
040 . ‡aABG450 ‡bcze ‡erda
072 7. ‡2Konspekt
082 . ‡a241.642
1001 . ‡aPeter, Hans-Balz
1112 . ‡n: ‡d:
24510. ‡aIn- Vitro-Befruchtung : ‡bTechnische Möglichkeiten und ethische Perspektiven / ‡nHerausgeber: Hans-Balz Peter, leitung Roland Campiche, Helmut Kaiser.
250 0. ‡a1. Auflage.
264 1. ‡aBern und Lausane : ‡bInstitut für Socialethik des SEK , ‡c1987.
300 . ‡a113 s.
336 . ‡atext ‡btxt ‡2rdacontent
338 . ‡asvazek ‡bnc ‡2rdacarrier
7001 . ‡aCampiche, Roland
700 . ‡aKaiser, Helmut
8524 . ‡bETS ‡bETS ‡cVolný výběr ‡j241.642 ‡p424470014999 ‡y$50.00
910 . ‡aABG450
999 . ‡a12345 ‡c12345 ‡tbiblio
905 . ‡uadmin
901 . ‡a36511 ‡b ‡c36511 ‡tbiblio ‡sets

Additional Resources